Malezas : concepto, identificación y manejo en sistemas cultivados /
Guardado en:
| Autor Principal: | |
|---|---|
| Formato: | Libro |
| Idioma: | Spanish |
| Publicado: |
Buenos Aires :
Editorial de la Facultad de Agronomía, Universidad de Buenos Aires,
2009.
|
| Etiquetas: |
Agregar Etiqueta
Sin Etiquetas, Sea el primero en etiquetar este registro!
|
| LEADER | 00547nam a22001455a 4500 | ||
|---|---|---|---|
| 001 | EEA.libagro008441 | ||
| 005 | 20171002132033.0 | ||
| 008 | 130809s2009####ag#a##########000#0#spa#d | ||
| 020 | |a 9789502911434 | ||
| 082 | 0 | 4 | |a 632.58 |
| 100 | 1 | |a Scursoni, Julio A. | |
| 245 | 1 | 0 | |a Malezas : |b concepto, identificación y manejo en sistemas cultivados / |c Julio A. Scursoni. |
| 260 | |a Buenos Aires : |b Editorial de la Facultad de Agronomía, Universidad de Buenos Aires, |c 2009. | ||
| 300 | |a 108 p. : |b il. ; |c 23 cm. | ||
| 859 | |a AR-BbBCA |b BIB. AGRONOMIA |h 632.58 |i S437 |p 2011/5854 | ||
